[Event "Goldmoney Asian Rapid Prelims 2021"]
[Site "Chess24"]
[Date "2021.06.24"]
[Round "12.6"]
[White "Erigaisi Arjun"]
[Black "Svidler, Peter"]
[Result "1/2-1/2"]
[WhiteElo "2567"]
[BlackElo "2714"]
[Annotator "TA"]
[PlyCount "79"]
[EventDate "2021.06.26"]
[EventType "tourn"]
[EventCountry "NET"]
[Tiebreak "Koya+Number of black wins+Number of wins"]
[SourceTitle "playchess.com"]
[Source "ChessBase"]
[SourceQuality "1"]

{[%evp 17,79,30,43,0,43,43,60,58,75,41,32,17,32,5,15,0,0,0,15,15,8,8,18,12,18,
18,18,18,18,14,15,15,22,12,18,15,7,0,30,26,51,0,0,0,0,0,0,15,44,0,0,0,0,0,0,0,
0,0,0,0,0,0,0,0]} 1. d4 Nf6 2. c4 g6 3. Nc3 d5 4. cxd5 Nxd5 5. e4 Nxc3 6. bxc3
Bg7 7. Nf3 c5 8. Be3 O-O 9. Be2 Qa5 10. Nd2 {D85: Exchange Grünfeld: Unusual
White 7th moves and lines with 7 Nf3.} cxd4 11. cxd4 Bd7 {Black wants to play .
..Ba4.} 12. O-O {[#] White is slightly better.} Bb5 $146 ({Predecessor:} 12...
Ba4 13. Nb3 Qb4 14. Rc1 Nd7 15. Rc4 Qa3 16. Qc2 Nb6 17. Rc5 Rfd8 18. d5 Nd7 {
1/2-1/2 (42) Bruno,F (2420)-Antal,G (2505) Forni di Sopra 2015}) 13. Bxb5 Qxb5
14. Rb1 Qd7 15. Nc4 Rc8 16. Ne5 Bxe5 17. dxe5 Qxd1 18. Rfxd1 b6 19. Bh6 Na6 20.
Rd7 Re8 21. f3 Nc5 22. Rd5 Rad8 23. Rbd1 Rxd5 24. Rxd5 $11 {[%mdl 4096]
Endgame KRB-KRN} Rc8 25. h4 f6 26. exf6 exf6 27. Be3 Rc7 28. Kf2 Ne6 29. f4 (
29. a4 $14) 29... Rc2+ 30. Kf3 Rxa2 31. f5 gxf5 (31... Nc5 {keeps more tension.
} 32. Bxc5 bxc5 33. Rxc5 gxf5 34. Rxf5 Kg7) 32. exf5 Nc5 33. Bxc5 (33. h5 {
is interesting.} Kf7 34. Rd8 Ra1 35. Rh8 Kg7 36. Rc8) 33... bxc5 {The position
is equal.} 34. Rxc5 $14 {KR-KR} h5 35. Rc6 Kg7 36. Rc7+ Kg8 37. Rc8+ Kg7 38.
Rc7+ Kg8 39. Rc8+ Kg7 40. Rc7+ {Weighted Error Value: White=0.11/Black=0.08}
1/2-1/2

[Event "Goldmoney Asian Rapid Prelims 2021"]
[Site "Chess24"]
[Date "2021.06.24"]
[Round "12.7"]
[White "Vidit, Santosh Gujrathi"]
[Black "So, Wesley"]
[Result "1/2-1/2"]
[WhiteElo "2726"]
[BlackElo "2770"]
[Annotator "TA"]
[PlyCount "41"]
[EventDate "2021.06.26"]
[EventType "tourn"]
[EventCountry "NET"]
[Tiebreak "Koya+Number of black wins+Number of wins"]
[SourceTitle "playchess.com"]
[Source "ChessBase"]
[SourceQuality "1"]

{[%evp 16,41,24,14,23,10,22,5,12,14,16,0,10,-28,-14,-16,7,-5,-7,-22,-17,-20,3,
0,-3,0,-5,0]} 1. e4 e5 2. Nf3 Nc6 3. Bc4 Bc5 4. c3 Nf6 5. d3 O-O 6. O-O d6 7.
Re1 h6 8. Nbd2 Bb6 9. Bb3 $1 {[%mdl 4] now scores much better than the old 9.
Nf1.} a5 {C54: Giuoco Piano: 4 c3 Nf6, main lines with 5 d4 and 5 d3.} 10. Nf1
Be6 11. Bc2 d5 12. exd5 {[#]} Nxd5 $146 ({Predecessor:} 12... Qxd5 13. Bb3 Qd6
14. Bxe6 Qxe6 15. d4 Rad8 16. Qc2 Nd7 17. Bf4 f6 18. a3 Qg4 {1-0 (28) Aronian,
L (2781)-So,W (2770) Paris 2021}) 13. h3 Qd6 14. Ba4 Nde7 15. Be3 {The
position is equal.} Bxe3 16. Rxe3 Rad8 17. Bxc6 Nxc6 18. Qe2 {[%cal Rf3e5]} Bf5
{[%cal Rf5d3]} 19. Nxe5 Nxe5 20. Rxe5 {[%mdl 64] [#] Double Attack} Bxd3 21.
Qe3 {A rather calm draw.  Weighted Error Value: White=0.10/Black=0.09} 1/2-1/2

[Event "Goldmoney Asian Rapid Prelims 2021"]
[Site "Chess24"]
[Date "2021.06.24"]
[Round "12.8"]
[White "Firouzja, Alireza"]
[Black "Hou, Yifan"]
[Result "1-0"]
[WhiteElo "2759"]
[BlackElo "2658"]
[Annotator "TA"]
[PlyCount "247"]
[EventDate "2021.06.26"]
[EventType "tourn"]
[EventCountry "NET"]
[Tiebreak "Koya+Number of black wins+Number of wins"]
[SourceTitle "playchess.com"]
[Source "ChessBase"]
[SourceQuality "1"]

{[%evp 16,247,20,20,20,7,85,89,95,103,107,95,100,100,93,96,110,104,100,108,102,
91,105,104,174,133,194,108,112,96,95,83,122,71,72,78,82,85,100,103,96,104,92,
51,51,58,47,39,38,12,12,12,60,60,57,43,70,67,67,66,83,73,64,56,79,65,83,96,84,
66,115,115,128,138,175,179,173,164,146,115,115,115,115,115,115,115,115,115,202,
202,306,210,345,202,202,202,202,202,202,202,288,202,202,0,202,0,202,115,181,
161,161,154,154,125,125,125,164,154,154,115,115,115,115,115,115,115,115,115,
115,115,146,146,146,139,146,139,139,132,154,154,184,183,195,195,195,195,195,
195,195,195,683,195,649,550,559,452,806,1138,888,1214,1110,1213,955,1186,1213,
1214,1213,1210,1219,1220,1208,0,1157,1185,1166,1109,744,1074,1025,802,747,0,
1000,979,922,914,1225,1224,1215,1173,1187,1167,1152,1137,1140,1117,1132,1117,
1117,1103,1103,1103,1103,1095,1074,804,1066,1054,975,956,1034,1004,967,597,829,
695,658,573,616,270,1850,1807,1555,1345,29974,29975,29978,29979,29979,29980,
29979,29978,29979,29977]} 1. d4 e6 2. e4 d5 3. Nc3 Nf6 4. e5 Nfd7 5. f4 c5 6.
Nf3 Nc6 7. Be3 a6 8. Qd2 b5 9. a3 Qa5 {C11: French: Classical System: 4 e5 and
4 Bg5 dxe4.} 10. dxc5 b4 (10... Bxc5 $11 11. Bxc5 Nxc5) 11. Na2 $16 {[%cal
Ra3b4]} Nxc5 {White is better.} 12. axb4 Nxb4 {[#]} 13. c3 $146 {[%cal Rc3b4]}
({Predecessor:} 13. Be2 Nxc2+ 14. Kd1 Qxd2+ 15. Kxd2 Nxa1 16. Bxc5 Nb3+ {
0-1 (16) Hagner,B (1912)-Buchenau,F (2064) Playchess.com INT 2020}) 13... Nb3
14. cxb4 Qa4 {[#]} 15. Qd1 Bd7 16. Kf2 Nxa1 17. Qxa1 Bxb4 18. Bd3 Be7 19. Qb1
Bb5 (19... Rb8 $16) 20. Bc2 Qc4 {[#]} (20... Qa5 $16 21. Nd4 Rc8) 21. Nc3 ({
White should try} 21. Nd4 $1 $18) 21... Bc5 22. Bxc5 Qxc5+ 23. Kg3 h6 24. Qg1 (
24. f5 $142) 24... Qxg1 25. Rxg1 Ke7 26. Nd4 Rhc8 27. Ra1 Bd7 28. Kf3 Rab8 29.
Ra2 ({Not} 29. Rxa6 Rxb2 30. Ra3 Rc4 $17) 29... Rb4 30. Ke3 a5 31. h4 a4 32.
Bd3 Rcb8 33. Nd1 h5 34. Ra3 Rc8 35. Ra1 g6 36. Nc2 Rb3 37. Kd2 Rc7 38. Ra2 Rcb7
39. Nd4 R3b6 40. Ra3 Rc7 41. g3 Rb4 42. Ne2 d4 43. Nc1 Bc6 44. Bc2 Bb5 45. Na2
Rbc4 46. Bd3 R4c5 47. Nb4 Bxd3 48. Kxd3 {Hoping for Na6.} Rc1 49. Nf2 Rb1 50.
Rxa4 Rxb2 51. Ne4 Rb3+ (51... Rb1 $16 52. Kxd4 Rcc1 53. Ra7+ Kf8) 52. Kxd4 $18
Rb7 (52... Kf8 {might work better.} 53. Ra8+ Kg7) 53. Nd3 R3b5 (53... Rd7+ $142
54. Nd6 Rb8) 54. Nf6 (54. Nd6 $142 Rd5+ 55. Ke4 Rxd6 56. exd6+ Kxd6 57. Ra6+
Ke7 58. Nc5) 54... Rb8 55. Ke3 Rb3 56. Ne4 R8b5 57. Ra7+ Rb7 (57... Kf8 {
was necessary.} 58. Nd2 (58. Nd6 Rd5 $11) 58... Rb7) 58. Ra8 Rb8 59. Ra4 R8b5
60. Nf6 Rb8 $1 61. Ke4 ({Better is} 61. Kd2 $18) 61... R3b5 (61... Rd8 $16) 62.
Rc4 R5b7 63. Ke3 Rd8 64. Nb4 {And now Nc6+ would win.} Kf8 65. Ne4 Rdb8 66. Nd3
Ra7 67. Nd6 Ra3 68. Ke4 Rbb3 69. Rd4 Ra7 70. Nc4 Rc7 71. Nd2 Rbb7 72. Ke3 Rd7
73. Rc4 {Strongly threatening Nc5.} Ra7 74. Rc3 Rdc7 75. Nc5 Ke7 76. Nde4 Ra5
77. Kd4 Rb5 78. Ra3 {aiming for Ra8.} Rb4+ 79. Ke3 {Ra8 is the strong threat.}
Rb5 80. Nd3 Rb8 81. Nd6 Kf8 82. Nf2 Rb1 $2 (82... Kg7 83. Nfe4 Rd7) 83. Nfe4 $2
(83. Ra8+ Ke7 84. Nd3) 83... Ke7 $2 (83... Rb8 84. Nf6 Rd8 85. Nh7+ Kg8) 84.
Ng5 Rbc1 85. Ngxf7 R1c3+ (85... Rg1 $142) 86. Rxc3 Rxc3+ 87. Kf2 Rc2+ 88. Kf3
Rc3+ 89. Kg2 Rc2+ 90. Kh3 Kf8 91. Ng5 Ke7 92. Nb5 Rc4 93. Nd6 Rc2 $1 94. Nde4
Kd7 95. Nf7 Ke7 96. Nfd6 Kf8 97. Nb5 Ke7 98. Ng5 Rc4 $1 99. Kg2 Kd7 100. Kf3
Rb4 101. Nc3 Rb3 102. Nge4 Ke7 103. Ke3 Rb4 104. Ne2 Rb3+ 105. Kd2 Rb4 106. Kd3
Rb3+ 107. N4c3 Ra3 108. Nd4 Ra1 109. Ne4 Ra3+ 110. Ke2 Ra2+ 111. Nd2 Ra1 112.
N2f3 Ra2+ 113. Ke3 Ra3+ 114. Kf2 Ra2+ 115. Kf1 Ra3 116. Kg2 Ra4 117. Kh3 (117.
Ne2 $142 Ra2 118. Kf2) 117... Rc4 $2 (117... Kd7 118. Nb3 Ke7) 118. g4 hxg4+
119. Kxg4 Ra4 120. Kg5 {White mates.} Kf7 121. Kh6 Ra8 122. Ng5+ {[%mdl 64]
Double Attack} Ke7 123. Kg7 Ra1 124. Kxg6 {Weighted Error Value: White=0.22/
Black=0.19} 1-0

[Event "Goldmoney Asian Rapid Prelims 2021"]
[Site "Chess24"]
[Date "2021.06.24"]
[Round "13.1"]
[White "Hou, Yifan"]
[Black "Aronian, Levon"]
[Result "1/2-1/2"]
[WhiteElo "2658"]
[BlackElo "2781"]
[Annotator "TA"]
[PlyCount "91"]
[EventDate "2021.06.26"]
[EventType "tourn"]
[EventCountry "NET"]
[Tiebreak "Koya+Number of black wins+Number of wins"]
[SourceTitle "playchess.com"]
[Source "ChessBase"]
[SourceQuality "1"]

{[%evp 24,91,10,0,37,23,35,32,50,46,52,0,0,0,0,-89,-116,-142,-152,-137,-137,
-126,-108,-139,-127,-164,-124,-125,-128,-121,-62,-68,-76,-137,-109,-122,-112,
-152,-159,-149,-137,-160,-44,-43,-37,-37,-45,-56,-54,-48,-26,-26,-19,-27,-20,
-20,-20,-20,-20,-26,-14,-14,-14,-14,-14,-14,-14,-14,8,8]} 1. e4 e5 2. Nf3 Nc6
3. Bc4 Bc5 4. c3 Nf6 5. d4 exd4 6. cxd4 Bb4+ 7. Bd2 Bxd2+ 8. Nbxd2 d5 9. exd5
Nxd5 10. O-O O-O 11. Rc1 Nce7 12. Qb3 c6 13. Rfe1 Kh8 {C54: Giuoco Piano: 4 c3
Nf6, main lines with 5 d4 and 5 d3.} 14. Ne4 f6 15. h3 {[#]} b6 $146 {White is
slightly better.} ({Predecessor:} 15... a5 16. Nc3 Nf4 17. a4 Rb8 18. Ne2 Ned5
19. Qa3 Nxe2+ 20. Rxe2 Nb4 21. Nh4 g5 {1/2-1/2 (49) Miettinen,K (2213)
-Vertongen,W (2310) LSS email 2009}) 16. Qa3 a5 17. Bxd5 ({White should play} 
17. Nc3 $14) 17... Nxd5 $11 18. Rxc6 {Strongly threatening Rd6.} Bb7 19. Re6 {
[#]} (19. Rd6 $11 {remains equal.} Qc7 20. Re6) 19... Nb4 $1 $17 20. Nd6 Bd5 {
[%mdl 64] Double Attack} 21. Qa4 Bxe6 22. Rxe6 Ra7 {[%cal Ba8a7,Ba7d7,Bd7d5]
[%mdl 32]} 23. a3 Nd5 24. Nb5 Rd7 25. Qc4 Re8 26. Rc6 g6 (26... Qe7 $17 27. Qb3
Qe4) 27. Nc3 $15 Kg7 28. Qb5 (28. g3 $142) 28... Ree7 29. Nxd5 Rxd5 30. Qxb6
Qxb6 31. Rxb6 $17 {[%mdl 4096] Endgame KRR-KRN} h5 32. h4 g5 (32... Rdd7 $17 {
...Rb7 is the strong threat.} 33. Ra6 Ra7) 33. hxg5 $15 fxg5 34. Ne5 Kh7 35. b3
g4 ({Don't play} 35... Rxd4 36. Rb5 $17) 36. Kh2 $1 Rxd4 37. Rb5 {[#] And now
Nc6 would win.} Rc7 38. f3 a4 (38... Kg7 {with more complications.} 39. Rxa5
Kf6 40. fxg4 hxg4 41. Kg3 Rc3+) 39. bxa4 Rxa4 {With the idea ...Rc3.} 40. fxg4
hxg4 41. Rb4 $1 {[%cal Rb4a4]} Rxb4 (41... Rxa3 {feels hotter.} 42. Rxg4 Rc2
43. Rh4+ Kg7 44. Rf4 Rca2) 42. axb4 {The position is equal.} Rb7 43. Nxg4 Rxb4
44. Ne5 Rb2 45. Nf3 Rxg2+ 46. Kxg2 {Weighted Error Value: White=0.14/Black=0.17
} 1/2-1/2

[Event "Goldmoney Asian Rapid Prelims 2021"]
[Site "Chess24"]
[Date "2021.06.24"]
[Round "13.3"]
[White "Svidler, Peter"]
[Black "Vidit, Santosh Gujrathi"]
[Result "0-1"]
[WhiteElo "2714"]
[BlackElo "2726"]
[Annotator "TA"]
[PlyCount "104"]
[EventDate "2021.06.26"]
[EventType "tourn"]
[EventCountry "NET"]
[Tiebreak "Koya+Number of black wins+Number of wins"]
[SourceTitle "playchess.com"]
[Source "ChessBase"]
[SourceQuality "1"]

{[%evp 9,104,31,43,27,31,24,39,32,21,37,59,54,73,75,75,69,68,65,71,70,185,187,
175,116,148,185,266,222,268,171,131,194,246,-15,-9,-7,0,-92,-85,-122,-120,-85,
-90,-91,-95,-87,-83,-96,-70,-71,-71,-123,-124,-135,-104,-107,-112,-123,-93,
-100,-87,-115,-100,-146,-125,-173,-120,-120,-120,-120,-120,-153,-157,-148,-134,
-140,-64,-76,-46,-92,-97,-194,-202,-204,-174,-174,-192,-126,-121,-130,-124,
-347,-339,-340,-332,-5126,-760]} 1. Nf3 d5 2. c4 d4 3. b4 c5 4. g3 a5 5. bxc5
Nc6 6. d3 {A09: Réti Opening: 1 Nf3 d5 2 c4.} e5 7. Ba3 Nf6 8. Nbd2 {White is
slightly better.} Qc7 9. Bg2 Nb4 10. Nb3 Na6 11. O-O a4 12. Nbxd4 exd4 13. Nxd4
{[#]} Nxc5 $146 ({Predecessor:} 13... Bd7 14. Rb1 Nxc5 15. Nb5 Bxb5 16. Rxb5
Ra5 17. Bxc5 Bxc5 18. Rxb7 Qd6 19. e3 O-O {1-0 (27) Mareco,S (2632)-Slipak,S 
(2457) Montevideo 2018}) 14. Nb5 Qa5 ({Black should play} 14... Qd8 $14) 15.
Rb1 $18 {[%mdl 1024] White has strong compensation.} Bd7 16. d4 ({White should
try} 16. e4 $18) 16... Nce4 $16 17. Qd3 {Black must now prevent Bxf8.} Nd2 (
17... Bxa3 $142 18. Qxa3 Ra6) 18. Qe3+ $18 Be6 19. Bxb7 Nxc4 20. Bc6+ Kd8 (
20... Nd7 $142 21. Qd3 Nxa3) 21. Qf3 $2 ({Better is} 21. Qd3 $18 {Strongly
threatening Bxf8.} Nxa3 22. d5) 21... Nxa3 $11 22. Nxa3 Bd5 $1 {[%cal Rd5f3]} (
22... Bxa2 $2 23. Bxa8 Bb4 24. Qb7 $1 $18) 23. Bxd5 (23. Nc4 $1 $11 {remains
equal.} Bxf3 24. Nxa5 Rxa5 25. Bxf3) 23... Qxd5 $17 {[%mdl 64] Double Attack} (
23... Nxd5 $2 24. Nc4 $18) 24. Qd3 Bxa3 ({Wrong is} 24... Qxa2 $2 25. Nc4 $18)
25. Qxa3 Kd7 26. Rfc1 {Rc5 is the strong threat.} Rhc8 27. Rxc8 Rxc8 28. Qxa4+
Ke7 29. f3 Nd7 30. Kf2 (30. Rb4 $142) 30... Rc4 31. Qa3+ Qd6 32. Qe3+ Kf8 33.
Rd1 h6 34. Rd2 Nb6 35. Qe4 Ra4 36. e3 g6 37. Rc2 Kg7 (37... Ra3 $19 38. Kg1 Qb4
) 38. Qe5+ Qxe5 39. dxe5 {[%mdl 4096] Endgame KRN-KR} Nd5 40. f4 Ra3 $1 41. e4
Nc3 42. Ke3 {[#]} Nxa2+ (42... Nb5+ $1 $17 43. Kf2 Nd4) 43. Kd4 $15 Ra4+ 44.
Kc5 Ra8 {Threatens to win with ...Rc8+.} 45. Kd6 {[#]} (45. Kb5 $17) 45... Nb4
$1 $19 {[%cal Rb4c2]} 46. Rc7 Ra6+ 47. Kc5 Nd3+ 48. Kd4 Nf2 49. f5 Ra4+ 50. Ke3
$2 (50. Kd5 $17) 50... Ng4+ ({Weaker is} 50... Nxe4 51. f6+ Nxf6 52. exf6+ Kxf6
53. Rc3 $17) 51. Kf4 gxf5 {[%mdl 64] Overworked Piece} ({Not} 51... Nxh2 52.
f6+ Kg8 53. Rc8+ Kh7 54. e6 $11) 52. Kxf5 $2 (52. h4) 52... Ne3+ {Black used
his chance.  Weighted Error Value: White=0.50/Black=0.12} 0-1

[Event "Goldmoney Asian Rapid Prelims 2021"]
[Site "Chess24"]
[Date "2021.06.24"]
[Round "13.4"]
[White "Salem, A.R. Saleh"]
[Black "Erigaisi Arjun"]
[Result "1/2-1/2"]
[WhiteElo "2682"]
[BlackElo "2567"]
[Annotator "TA"]
[PlyCount "71"]
[EventDate "2021.06.26"]
[EventType "tourn"]
[EventCountry "NET"]
[Tiebreak "Koya+Number of black wins+Number of wins"]
[SourceTitle "playchess.com"]
[Source "ChessBase"]
[SourceQuality "1"]

{[%evp 23,71,4,24,25,36,51,56,18,56,0,0,0,0,0,0,0,0,-11,0,0,0,0,0,0,0,0,0,-26,
-14,-23,0,0,2,4,89,0,0,0,0,0,0,0,0,0,0,0,0,0,4,0]} 1. d4 Nf6 2. c4 e6 3. Nc3
Bb4 4. e3 O-O 5. Bd3 d5 6. Nf3 c5 7. O-O cxd4 8. exd4 dxc4 9. Bxc4 b6 10. Bd3
Bb7 11. a3 $1 {[%mdl 4] outshines the older 11.Bg5.} Bxc3 12. bxc3 Qc7 13. c4 {
E54: Nimzo-Indian: Rubinstein: Main Line: 7...dxc4 8 Bxc4.} h6 14. Re1 Nbd7 15.
a4 {White is slightly better.} Rfe8 {[#]} 16. h3 $146 ({Better is} 16. Bb2 $14)
({Predecessor:} 16. Bb2 Rac8 17. Nd2 e5 18. d5 Ba6 19. Ra3 Qd6 20. Qa1 Qb4 21.
Bc3 Qf8 22. Bf1 {1-0 (53) Raznikov,D (2484)-Warakomska,A (2260) Zalakaros 2015}
) 16... e5 $11 17. Nxe5 Nxe5 18. dxe5 Rxe5 19. Rxe5 Qxe5 20. Ra2 Rd8 {[#]
White must now prevent ...Qe4!} 21. Rd2 {And now Bh7+! would win.} Be4 (21...
Ne4 {with more complications.} 22. Qe1 f6 23. Bxe4 Rxd2 24. Bxd2 Qxe4 25. Qxe4
Bxe4 26. c5 bxc5 27. Be3 a6) 22. Bf1 Rxd2 23. Bxd2 Bc6 24. Be3 Nd7 25. Bd3 Nc5
26. Bc2 Be4 27. Bxe4 Qxe4 28. a5 {White wants to play axb6.} Qxc4 (28... Kh7
$11 {keeps the balance.}) 29. axb6 (29. Qd8+ $16 Kh7 30. Qc7 (30. axb6 axb6 31.
Qxb6 Nd3 $11)) 29... axb6 {The position is equal.} 30. Qd8+ Kh7 31. Qxb6 Ne6
32. Qb1+ Kg8 33. Qb8+ Kh7 34. Qb1+ Kg8 35. Qb8+ Kh7 36. Qb1+ {Weighted Error
Value: White=0.11/Black=0.14} 1/2-1/2

[Event "Goldmoney Asian Rapid Prelims 2021"]
[Site "Chess24"]
[Date "2021.06.24"]
[Round "13.5"]
[White "Carlsen, Magnus"]
[Black "Gukesh D"]
[Result "1/2-1/2"]
[WhiteElo "2847"]
[BlackElo "2578"]
[Annotator "TA"]
[PlyCount "174"]
[EventDate "2021.06.26"]
[EventType "tourn"]
[EventCountry "NET"]
[Tiebreak "Koya+Number of black wins+Number of wins"]
[SourceTitle "playchess.com"]
[Source "ChessBase"]
[SourceQuality "1"]

{[%evp 9,174,8,8,3,6,0,9,0,1,-8,-7,-16,-6,-7,0,-47,-30,-25,-27,-35,-34,-56,-50,
-54,-40,-52,-57,-54,-45,-66,-48,-46,-54,-73,-70,-85,-63,-81,-64,-83,-75,-70,
-73,-109,-88,-89,-57,-62,-35,-29,-8,-8,-8,-8,-2,-2,-2,-2,-10,-31,0,-8,0,0,0,
-12,9,9,9,9,9,9,9,9,9,9,43,43,43,43,43,43,43,43,48,43,43,43,43,43,43,43,43,43,
43,43,43,43,43,12,43,12,43,43,43,43,43,43,43,43,43,43,43,43,43,43,43,43,43,0,
43,0,43,43,43,0,0,0,0,0,0,0,0,0,0,0,0,0,0,0,0,0,0,0,0,0,0,0,0,0,0,0,0,0,0,0,0,
0,0,0,0,0,0,0,0,0,0]} 1. d4 d5 2. Bf4 Nf6 3. e3 Bg4 4. Be2 Bxe2 5. Qxe2 e6 6.
Nf3 {[#] D00: 1 d4 d5: Unusual lines.} c5 $146 ({Predecessor:} 6... Bd6 7. Nc3
O-O 8. Ne5 c5 9. dxc5 Bxc5 10. O-O Nc6 11. Nd3 Bd6 12. Bxd6 Qxd6 {0-1 (20)
Freire,D (1931)-Tanti,J (2185) ICCF email 2017}) 7. dxc5 Nc6 8. Qb5 Qd7 9. Nc3
a6 10. Qb6 Qc8 11. Na4 Nd7 12. Qc7 Qxc7 13. Bxc7 Bxc5 14. Nxc5 Nxc5 15. Ke2 Rc8
16. Bg3 b5 17. c3 f6 18. Rhc1 Kf7 19. Nd2 e5 20. f3 Rhd8 21. b3 a5 22. Rc2 h5
23. Rd1 Ke6 24. Rb1 g5 25. Bf2 e4 26. fxe4 dxe4 27. b4 axb4 28. cxb4 Nd3 {
[#] Strongly threatening ...Nd4+!} (28... Na6 $5 {[%cal Rc6d4]} 29. Rcc1 Naxb4
30. Nxe4 Nxa2 $17) 29. Nxe4 Ncxb4 30. Rxc8 Rxc8 31. a3 $132 {[%mdl 2048] White
has counterplay} Rc2+ 32. Nd2 $1 {And now Bg3 would win.} Nxf2 33. Rxb4 $11 {
[%mdl 4096] Endgame KRN-KRN} Ng4 34. Rxb5 Ra2 35. Rb6+ Ke7 36. Rb7+ Ke6 37.
Rb6+ Kd7 38. h3 Ne5 39. Rxf6 Nc4 {[#]} 40. Kd3 Nxd2 41. Rf2 Rxa3+ 42. Kxd2 {
KR-KR} Ke6 43. Ke2 Ke5 44. Rf8 Ke4 45. Re8+ Kf5 46. Kf3 Rb3 47. g4+ hxg4+ 48.
hxg4+ Kf6 49. Rd8 Ra3 50. Rd6+ Kf7 51. Ke4 Ra4+ 52. Rd4 Ra3 53. Rb4 Kf6 54. Kd4
Ra1 55. Rc4 Ra2 56. Kd5 Rd2+ 57. Rd4 Ra2 58. Ke4 Ra3 59. Rd6+ Kf7 60. Rd3 Ra4+
61. Kf3 Kf6 62. Rd6+ (62. Kg3 {feels hotter.} Kg6 63. Rd4 Ra6 64. Rb4 Ra3 65.
Re4) 62... Kf7 63. Rc6 Rb4 64. Rd6 Ra4 65. Rd3 Kf6 66. Rb3 (66. Kg3 {is
interesting.} Kg6 67. Rd6+ Kg7 68. Rc6 Kf7 69. Rc7+) 66... Kf7 67. e4 Kf6 {
The position is equal.} 68. Ke3 Ra1 69. Rb6+ Ke5 70. Rb5+ Kf6 71. Rf5+ Kg6 72.
Rf2 Ra3+ 73. Kd4 Rg3 74. e5 Rxg4+ 75. Kd5 Rg1 76. e6 Rd1+ 77. Kc6 Re1 78. Kd7
g4 79. e7 Kg5 80. Rf1 Re2 81. e8=Q (81. Rf8 {seems wilder.} g3 82. Rg8+ Kh4 83.
Ke8 g2 84. Kf7) 81... Rxe8 82. Kxe8 {KR-KP} g3 83. Rg1 Kg4 84. Kf7 Kf3 85. Kf6
g2 86. Kf5 Kf2 87. Rxg2+ $1 Kxg2 {Weighted Error Value: White=0.06/Black=0.07}
1/2-1/2

[Event "Goldmoney Asian Rapid Prelims 2021"]
[Site "Chess24"]
[Date "2021.06.24"]
[Round "13.6"]
[White "Giri, Anish"]
[Black "Ding, Liren"]
[Result "1/2-1/2"]
[WhiteElo "2780"]
[BlackElo "2799"]
[Annotator "TA"]
[PlyCount "74"]
[EventDate "2021.06.26"]
[EventType "tourn"]
[EventCountry "NET"]
[Tiebreak "Koya+Number of black wins+Number of wins"]
[SourceTitle "playchess.com"]
[Source "ChessBase"]
[SourceQuality "1"]

{[%evp 20,74,34,23,22,0,0,0,0,6,0,3,6,0,6,6,6,6,6,0,6,6,6,0,6,6,12,6,12,6,6,6,
6,6,6,6,6,6,6,6,6,6,6,6,6,6,6,6,6,6,6,0,6,0,6,0,6]} 1. d4 Nf6 2. c4 e6 3. Nf3
d5 4. Nc3 Bb4 5. Bg5 h6 6. Bxf6 Qxf6 7. e3 O-O 8. Rc1 dxc4 9. Bxc4 c5 10. O-O
cxd4 11. Nxd4 $1 {The main line 11.Nxd4 scores better than 11.Ne4.} Bd7 {
D38: Queen's Gambit Declined: Ragozin Defence (4 Nf3 Bb4).} 12. Qb3 {The
position is equal.} (12. Ne4 {feels hotter.} Qe7 13. Bd3 Nc6 14. Nb3 Rfd8 15.
a3) 12... Nc6 13. Nxc6 Bxc3 14. Qxc3 {[#] Black must now prevent Ne5.} Bxc6 15.
Qxf6 gxf6 16. Rfd1 Rfd8 17. f3 f5 18. Kf2 Kg7 19. Be2 Kf6 20. Rxd8 Rxd8 21. Rd1
Rxd1 (21... Rc8 {is more complex.} 22. Rc1 Rd8) 22. Bxd1 $11 {[%mdl 4096]
Endgame KB-KB} b6 23. a3 {[#]} a5 $146 ({Predecessor:} 23... Bb5 24. Bc2 Bc6 {
1/2-1/2 (26) Ding,L (2812)-Giri,A (2797) Shamkir 2019}) 24. g3 Bd5 25. Ke1 Bc6
26. Kd2 Ke5 27. Kc3 Kd6 28. Be2 Kc5 29. b4+ axb4+ 30. axb4+ Kd6 31. f4 f6 32.
Bc4 Bf3 33. Bb3 Bc6 34. Kd4 Be4 35. Kc3 Bc6 36. Kd4 Be4 37. Kc3 Bc6 {An
uneventful encounter.  Weighted Error Value: White=0.03/Black=0.01} 1/2-1/2